| Tag |
First Indicator |
Second Indicator |
Subfields |
| LEADER |
00000pam a2200000 a 4500 |
| 001 |
in00000640013 |
| 005 |
20160105155907.0 |
| 008 |
800429s1981 enka b 00100 engm |
| 010 |
|
|
|a 80040289
|
| 015 |
|
|
|a GB80
|
| 020 |
|
|
|a 0471278017 :
|c 20.00
|
| 035 |
|
|
|a (OCoLC)06331776
|
| 035 |
|
|
|9 ACU8332AM
|
| 040 |
|
|
|a DLC
|c DLC
|d m.c.
|d TXA
|d UtOrBLW
|
| 049 |
|
|
|a TXAM
|c [1654343]
|
| 050 |
0 |
0 |
|a HD4901
|b .M24
|
| 082 |
0 |
|
|a 331
|
| 245 |
0 |
0 |
|a Working life :
|b a social science contribution to work reform /
|c edited by Bertil Gardell and Gunn Johansson.
|
| 264 |
|
1 |
|a Chichester [England] ;
|a New York :
|b J. Wiley,
|c [1981]
|
| 264 |
|
4 |
|c ©1981
|
| 300 |
|
|
|a xiv, 347 pages :
|b illustrations ;
|c 24 cm.
|
| 336 |
|
|
|a text
|b txt
|2 rdacontent
|
| 337 |
|
|
|a unmediated
|b n
|2 rdamedia
|
| 338 |
|
|
|a volume
|b nc
|2 rdacarrier
|
| 504 |
|
|
|a Includes bibliographies and index.
|
| 650 |
|
0 |
|a Working class.
|
| 650 |
|
0 |
|a Work environment.
|
| 700 |
1 |
|
|a Gardell, Bertil.
|
| 700 |
1 |
|
|a Johansson, Gunn,
|d 1941-
|
| 999 |
|
|
|a MARS
|
| 999 |
f |
f |
|s 9c0bc4dd-ddf3-3222-b298-bf4fe90d1aa4
|i a5108c60-c82e-3a78-90f7-d8215716e9de
|t 0
|
| 952 |
f |
f |
|p ric
|a Texas A&M University
|b Rellis Campus
|c Joint Library Facility
|d Remote Storage
|t 0
|e HD4901 .M24
|h Library of Congress classification
|i unmediated -- volume
|m A14802675167
|
| 998 |
f |
f |
|a HD4901 .M24
|t 0
|l Remote Storage
|